Statystyki dla Kraje, z których kierowca stanął na podium w Formule 1

Kliknij tutaj aby rozwiązać quiz!

Ogólne statystyki

  • Ten quiz został rozwiązany 523 razy
  • Średni wynik to 24 z 29

Statystyki odpowiedzi

Pierwsze podiumPaństwo% Poprawnych
1956Hiszpania
98%
1954Niemcy
98%
2006Polska
98%
1950Francja
97%
1950Wielka Brytania
97%
1950Włochy
96%
2011Rosja
95%
1970Brazylia
93%
1990Japonia
93%
1950Stany Zjednoczone
93%
1994Holandia
92%
1978Kanada
92%
1967Meksyk
92%
1959Australia
91%
1950Argentyna
90%
1980Finlandia
89%
2005Portugalia
89%
1959Szwecja
87%
1966Austria
86%
1956Belgia
85%
2014Dania
80%
1950Monako
78%
1952Szwajcaria
76%
2001Kolumbia
70%
1962Republika Południowej Afryki
67%
1959Nowa Zelandia
66%
2020Tajlandia
63%
2012Wenezuela
59%
1967Rodezja
6%

Rozkład punktacji

Percentyl według liczby udzielonych odpowiedzi

Procent ludzi z każdym wynikiem

Twoja historia wyników

Nie rozwiązałeś tego quizu